Captains of All ICC Full Member Nations - Statistics

General Stats
  • This quiz has been taken 98 times
  • The average score is 17 of 35
Answer Stats
Hint Test % Correct
India Virat Kohli
94%
India Virat Kohli
94%
India Virat Kohli
94%
England Joe Root
82%
New Zealand Kane Williamson
79%
New Zealand Kane Williamson
79%
New Zealand Kane Williamson
79%
Australia Aaron Finch
78%
Australia Aaron Finch
78%
England Eoin Morgan
74%
England Eoin Morgan
74%
Zimbabwe Sean Williams
72%
Australia Tim Paine
72%
Pakistan Babar Azam
70%
West Indies Jason Holder
55%
South Africa Quinton de Kock
44%
South Africa Quinton de Kock
44%
South Africa Quinton de Kock
44%
Pakistan Azhar Ali
41%
Afghanistan Asghar Afghan
36%
Sri Lanka Dimuth Karunaratne
31%
Sri Lanka Dimuth Karunaratne
31%
Bangladesh Tamim Iqbal
31%
West Indies Kieron Pollard
30%
West Indies Kieron Pollard
30%
Afghanistan Ashgar Afghan
29%
Afghanistan Ashgar Afghan
29%
Bangladesh Mahmudullah
26%
Sri Lanka Lasith Malinga
24%
Ireland Andrew Balbirnie
18%
Ireland Andrew Balbirnie
18%
Ireland Andrew Balbirnie
18%
Bangladesh Mominul Haque
16%
Zimbabwe Chamu Chibhabha
5%
Zimbabwe Chamu Chibhabha
5%
No matching quizzes found
Score Distribution
Percent of People with Each Score
Percentile by Number Answered
Your Score History
You have not taken this quiz